00729nam a2200229Ia 4500003000400000005001700004006001800021007000300039008004100042024001000083037001100093040001800104041001300122100001700135110008700152245008000239260000900319650003000328700002700358700002700385700008700412OSt20220930084418.0a|||||r|||| 00| 0ta220926b |||||||| |||| 00| 0 eng d a84171 cTheses aCRLcCRLbeng 2engaeng aKhanna Raman aUniversity of Delhi. Faculty of Medical Sciences. Department of Community Medicine 0aEpidemiological profile of ear diseases in primary school children of Delhi c2005 aCOMMUNITY HEALTH SERVICES a Dr. J. G. Prasuna Gu. a Dr. S. K. Pradhan Gu. aUniversity of Delhi. Faculty of Medical Sciences. Department of Community Medicine